000 00828nam a2200265Ia 4500
003 OSt
005 20220924124216.0
006 a|||||r|||| 00| 0
007 ta
008 220923b |||||||| |||| 00| 0 urd d
020 _a9788175877214 (pbk)
020 _c115
024 _a285395
037 _b43536, 13/03/2015, Segment Book Distributors
_cTextual
040 _aARTS
_cARTS
_burd
041 _2urd
_aurd
082 _aV21, 168Q3
100 _aSherwani Haroon Khan Au.
245 0 _aDeccan ke behmani salateen
260 _aNew Delhi
_b National Council for promotion of urdu language India
_c2013
300 _a351p.
_ccm.
650 _aDAKHAN - HISTORY
942 _hV21, 168Q3
_cTEXL
_2CC
999 _c418818
_d418818